[Event "NatWest Team Challenge"]
[Site "Catford"]
[Date "1985.08.??"]
[Round "?"]
[White "Conquest, Stuart"]
[Black "Hawksworth, John C"]
[Result "1-0"]
[WhiteElo "2345"]
[BlackElo "2370"]
[PlyCount "95"]
[EventDate "1985.08.11"]
[EventType "team-schev"]
[EventRounds "9"]
[EventCountry "ENG"]
[SourceTitle "BritBase"]
[Source "John Saunders"]
[SourceDate "2023.02.28"]
[SourceVersion "1"]
[SourceVersionDate "2023.02.28"]
[SourceQuality "1"]
[WhiteTeam "England"]
[BlackTeam "Anglo-India"]
[WhiteTeamCountry "ENG"]
[BlackTeamCountry "ENG"]

1. d4 Nf6 2. Nf3 e6 3. e3 c5 4. Bd3 cxd4 5. exd4 b6 6. O-O Bb7 7. Re1 Be7 8. c4
O-O 9. Nc3 d5 10. cxd5 Nxd5 11. Ne4 Nf6 12. Ng3 Nc6 13. a3 Qd5 14. Bb1 Rfd8 15.
Be3 Rac8 16. Qd3 Na5 17. Ba2 Nc4 18. Bg5 h6 19. Bc1 Bf8 20. b3 Nd6 21. Bb1 Qb5
22. Qd1 Bd5 23. b4 Nc4 24. Ne5 Nxe5 25. dxe5 Ba8 26. Qb3 Qd5 27. Qxd5 Nxd5 28.
Be4 Nc3 29. Bxa8 Rxa8 30. Be3 Rd3 31. f4 b5 32. Nh1 Nd5 33. Bc1 a5 34. Nf2 Rd4
35. bxa5 Rxa5 36. Ne4 Raa4 37. Nd6 b4 38. g3 Bxd6 39. exd6 Nb6 40. Be3 Rxd6 41.
axb4 Rxa1 42. Rxa1 Nc4 43. Bc5 Rd2 44. b5 Rb2 45. Ra4 Nd2 46. b6 Rb1+ 47. Kg2
Rb2 48. Rb4 1-0

[Event "NatWest Team Challenge"]
[Site "Catford"]
[Date "1985.08.??"]
[Round "?"]
[White "Martin, Andrew D"]
[Black "Gallagher, Joseph G"]
[Result "1/2-1/2"]
[WhiteElo "2410"]
[BlackElo "2310"]
[PlyCount "62"]
[EventDate "1985.08.11"]
[EventType "team-schev"]
[EventRounds "9"]
[EventCountry "ENG"]
[SourceTitle "BritBase"]
[Source "John Saunders"]
[SourceDate "2023.02.28"]
[SourceVersion "1"]
[SourceVersionDate "2023.02.28"]
[SourceQuality "1"]
[WhiteTeam "Anglo-India"]
[BlackTeam "England"]
[WhiteTeamCountry "ENG"]
[BlackTeamCountry "ENG"]

1. Nf3 Nf6 2. g3 g6 3. b3 Bg7 4. Bb2 O-O 5. Bg2 d6 6. d4 Nc6 7. O-O e5 8. dxe5
Nd7 9. c4 Ncxe5 10. Nxe5 dxe5 11. Nc3 Nf6 12. Qxd8 Rxd8 13. Rfd1 Rd7 14. Rxd7
Nxd7 15. Rd1 c6 16. Ne4 Rb8 17. Nd6 Nc5 18. Ne8 f6 19. f4 exf4 20. gxf4 Bg4 21.
Nxg7 Kxg7 22. Rd6 Bxe2 23. Bxf6+ Kf7 24. Be5 Re8 25. Bh3 Ne6 26. f5 Ng5 27.
fxg6+ hxg6 28. Rf6+ Kg7 29. Re6+ Kf7 30. Rf6+ Kg7 31. Re6+ Kf7 1/2-1/2

[Event "NatWest Team Challenge"]
[Site "Catford"]
[Date "1985.08.??"]
[Round "?"]
[White "Hawksworth, John C"]
[Black "Wade, Robert Graham"]
[Result "1/2-1/2"]
[WhiteElo "2370"]
[BlackElo "2315"]
[PlyCount "79"]
[EventDate "1985.08.11"]
[EventType "team-schev"]
[EventRounds "9"]
[EventCountry "ENG"]
[SourceTitle "BritBase"]
[Source "John Saunders"]
[SourceDate "2023.02.28"]
[SourceVersion "1"]
[SourceVersionDate "2023.02.28"]
[SourceQuality "1"]
[WhiteTeam "Anglo-India"]
[BlackTeam "USA"]
[WhiteTeamCountry "ENG"]
[BlackTeamCountry "USA"]

1. d4 Nf6 2. Nf3 e6 3. c4 b6 4. g3 Ba6 5. b3 Bb7 6. Bg2 Bb4+ 7. Bd2 a5 8. O-O
O-O 9. Qc2 c5 10. Nc3 cxd4 11. Nxd4 Bxg2 12. Kxg2 Nc6 13. Nf3 Qb8 14. Bg5 Be7
15. Rad1 Qb7 16. e4 h6 17. Bf4 Nh5 18. Bd6 f5 19. Bxe7 Nxe7 20. exf5 Rxf5 21.
Qe4 Nc6 22. Kg1 Nf6 23. Qe2 Rf8 24. Nh4 Re5 25. Qd2 Rf7 26. Nb5 Ne8 27. f4 Rc5
28. f5 e5 29. Nd6 Nxd6 30. Qxd6 Nd4 31. Ng6 Rf6 32. Qe7 Ne2+ 33. Kf2 Rxf5+ 34.
Ke3 Nd4 35. Qe8+ Kh7 36. Nf8+ Kg8 37. Ng6+ Kh7 38. Nf8+ Kg8 39. Rxf5 Nxf5+ 40.
Kf2 {N.B. Bob Wade replaced Eric Schiller for one round.} 1/2-1/2

[Event "NatWest Team Challenge"]
[Site "Catford"]
[Date "1985.08.??"]
[Round "?"]
[White "Gallagher, Joseph G"]
[Black "Colias, Billy"]
[Result "0-1"]
[WhiteElo "2310"]
[BlackElo "2315"]
[PlyCount "66"]
[EventDate "1985.08.11"]
[EventType "team-schev"]
[EventRounds "9"]
[EventCountry "ENG"]
[SourceTitle "BritBase"]
[Source "John Saunders"]
[SourceDate "2023.02.28"]
[SourceVersion "1"]
[SourceVersionDate "2023.02.28"]
[SourceQuality "1"]
[WhiteTeam "England"]
[BlackTeam "USA"]
[WhiteTeamCountry "ENG"]
[BlackTeamCountry "USA"]

1. Nf3 c5 2. e4 Nc6 3. Nc3 d6 4. d4 cxd4 5. Nxd4 Nf6 6. Bg5 e6 7. Qd2 a6 8.
O-O-O h6 9. Be3 Be7 10. f3 Nxd4 11. Bxd4 e5 12. Be3 Be6 13. Kb1 Rc8 14. Nd5
Nxd5 15. exd5 Bd7 16. Bd3 b5 17. f4 Bf6 18. Rhf1 O-O 19. Rde1 Re8 20. fxe5 Rxe5
21. Bf4 Rxe1+ 22. Qxe1 Qe7 23. Qa5 Be5 24. Bd2 Qh4 25. Qxa6 Qd4 26. Bc3 Qxd5
27. Re1 Ra8 28. Rxe5 dxe5 29. Qb6 Qxa2+ 30. Kc1 Qd5 31. b3 Qxg2 32. Qd6 Qg1+
33. Kd2 Qg5+ 0-1

[Event "NatWest Team Challenge"]
[Site "Catford"]
[Date "1985.08.??"]
[Round "?"]
[White "Hall, John"]
[Black "Conquest, Stuart"]
[Result "0-1"]
[WhiteElo "2290"]
[BlackElo "2345"]
[PlyCount "96"]
[EventDate "1985.08.11"]
[EventType "team-schev"]
[EventRounds "9"]
[EventCountry "ENG"]
[SourceTitle "BritBase"]
[Source "John Saunders"]
[SourceDate "2023.02.28"]
[SourceVersion "1"]
[SourceVersionDate "2023.02.28"]
[SourceQuality "1"]
[WhiteTeam "USA"]
[BlackTeam "England"]
[WhiteTeamCountry "USA"]
[BlackTeamCountry "ENG"]

1. d4 d5 2. c4 c6 3. e3 Nf6 4. Nc3 e6 5. Nf3 Nbd7 6. Bd3 dxc4 7. Bxc4 b5 8. Bd3
Bb7 9. O-O b4 10. Ne4 c5 11. Nxc5 Bxc5 12. dxc5 O-O 13. c6 Bxc6 14. Nd4 Bb7 15.
f3 Qb6 16. Qe1 Nc5 17. Be2 e5 18. Nf5 g6 19. Nh6+ Kg7 20. Qh4 Rad8 21. b3 Nd3
22. Bxd3 Rxd3 23. Kh1 Ng8 24. Ng4 f6 25. e4 Rfd8 26. Bh6+ Kh8 27. Rae1 Ba6 28.
Rg1 Qe6 29. Bc1 Bb5 30. Ne3 a5 31. f4 exf4 32. Qxf4 Bc6 33. Bb2 Kg7 34. Nd5
Bxd5 35. exd5 Qd6 36. Qf2 Rxd5 37. Ba1 Nh6 38. Qf3 Rh5 39. h3 Rd5 40. Rgf1 Nf5
41. Kg1 h5 42. Rc1 Kh7 43. Rfe1 h4 44. Qe4 Rd2 45. Rc6 Qg3 46. Re6 Rxa2 47.
Bxf6 Rdd2 48. Re7+ Kh6 0-1

[Event "NatWest Team Challenge"]
[Site "Catford"]
[Date "1985.08.??"]
[Round "?"]
[White "Schiller, Eric"]
[Black "Kosten, Anthony C"]
[Result "0-1"]
[WhiteElo "2205"]
[BlackElo "2395"]
[PlyCount "154"]
[EventDate "1985.08.11"]
[EventType "team-schev"]
[EventRounds "9"]
[EventCountry "ENG"]
[SourceTitle "BritBase"]
[Source "John Saunders"]
[SourceDate "2023.02.28"]
[SourceVersion "1"]
[SourceVersionDate "2023.02.28"]
[SourceQuality "1"]
[WhiteTeam "USA"]
[BlackTeam "England"]
[WhiteTeamCountry "USA"]
[BlackTeamCountry "ENG"]

1. e4 e6 2. d4 d5 3. Nc3 Bb4 4. Bd2 Ne7 5. a3 Bxc3 6. Bxc3 dxe4 7. Qg4 Ng6 8.
Qxe4 Nd7 9. Bd3 Nf6 10. Qf3 Qd5 11. Qxd5 exd5 12. Ne2 Nh4 13. O-O Bf5 14. Rad1
O-O-O 15. Ng3 Bxd3 16. Rxd3 Rhe8 17. Bd2 h6 18. f3 Re6 19. Re1 Rxe1+ 20. Bxe1
Re8 21. Bd2 Kd7 22. Re3 Rxe3 23. Bxe3 Ke6 24. Kf2 Ne8 25. Ne2 g5 26. Bd2 f5 27.
Bb4 Ng6 28. b3 f4 29. g3 fxg3+ 30. Nxg3 Ng7 31. Bd2 Nf5 32. Be3 Nge7 33. Ne2
Nc6 34. h3 Nd6 35. f4 Ne4+ 36. Kf3 Kf5 37. Bc1 Ne7 38. fxg5 hxg5 39. Be3 Ng6
40. Ng3+ Nxg3 41. Kxg3 Nf8 42. Kf3 c6 43. Bf2 Nd7 44. Be3 Nf6 45. Bd2 Ne4 46.
Bb4 Nf6 47. Bd2 Kg6 48. Be1 Kh5 49. Ke3 Ne4 50. Kd3 g4 51. hxg4+ Kxg4 52. Ke3
Nd6 53. a4 Nf5+ 54. Kd3 Kf3 55. Bb4 Ng3 56. Bc5 a6 57. Bd6 Ne2 58. a5 Ng1 59.
Be5 Nh3 60. Bg7 Nf4+ 61. Kd2 Ne6 62. Bf6 Ke4 63. Kc3 Ke3 64. Be7 Ke2 65. Bd6
Ke3 66. Be7 Nc7 67. Bc5 Ke4 68. Kd2 Ne6 69. c3 Nxc5 70. dxc5 d4 71. c4 d3 72.
b4 Kd4 73. b5 Kxc4 74. bxa6 bxa6 75. Kd1 Kxc5 76. Kc1 Kd4 77. Kd2 c5 0-1

[Event "NatWest Team Challenge"]
[Site "Catford"]
[Date "1985.08.??"]
[Round "?"]
[White "Gallagher, Joseph G"]
[Black "West, Guy"]
[Result "1/2-1/2"]
[WhiteElo "2310"]
[BlackElo "2310"]
[PlyCount "86"]
[EventDate "1985.08.11"]
[EventType "team-schev"]
[EventRounds "9"]
[EventCountry "ENG"]
[SourceTitle "BritBase"]
[Source "John Saunders"]
[SourceDate "2023.02.28"]
[SourceVersion "1"]
[SourceVersionDate "2023.02.28"]
[SourceQuality "1"]
[WhiteTeam "England"]
[BlackTeam "Australia"]
[WhiteTeamCountry "ENG"]
[BlackTeamCountry "AUS"]

1. d4 Nf6 2. Bg5 d5 3. Bxf6 exf6 4. e3 c5 5. dxc5 Nc6 6. Nf3 Bxc5 7. Nbd2 O-O
8. Nb3 Bb6 9. Be2 Bf5 10. O-O Qe7 11. Nfd4 Be4 12. a4 Rac8 13. Nxc6 bxc6 14.
Bd3 Rfe8 15. Bxe4 Qxe4 16. a5 Bc7 17. g3 Be5 18. c3 f5 19. Nd2 Qd3 20. Nf3 Qxd1
21. Rfxd1 Bf6 22. Nd4 g6 23. Ne2 a6 24. Rab1 Re7 25. b4 Rb7 26. Rbc1 Be7 27.
Nf4 Bd6 28. Nd3 Rcb8 29. Nb2 Kf8 30. Na4 Ke7 31. Rc2 Ke6 32. Rcd2 Rb5 33. Kg2
Be7 34. Nb6 Rb7 35. Rd3 Kf6 36. Kf1 Kg7 37. Kg2 Bf8 38. Kg1 c5 39. Nxd5 cxb4
40. cxb4 Bxb4 41. Nxb4 Rxb4 42. Rd6 Ra4 43. Rxa6 Rb5 1/2-1/2

[Event "NatWest Team Challenge"]
[Site "Catford"]
[Date "1985.08.??"]
[Round "?"]
[White "West, Guy"]
[Black "Conquest, Stuart"]
[Result "0-1"]
[WhiteElo "2310"]
[BlackElo "2345"]
[PlyCount "78"]
[EventDate "1985.08.11"]
[EventType "team-schev"]
[EventRounds "9"]
[EventCountry "ENG"]
[SourceTitle "BritBase"]
[Source "John Saunders"]
[SourceDate "2023.02.28"]
[SourceVersion "1"]
[SourceVersionDate "2023.02.28"]
[SourceQuality "1"]
[WhiteTeam "Australia"]
[BlackTeam "England"]
[WhiteTeamCountry "AUS"]
[BlackTeamCountry "ENG"]

1. e4 c5 2. Nf3 d6 3. d4 Nf6 4. Nc3 cxd4 5. Nxd4 a6 6. a4 g6 7. Be2 Bg7 8. O-O
O-O 9. Be3 Nc6 10. Qd2 Ng4 11. Bxg4 Bxg4 12. Nd5 Rc8 13. Rfc1 Be6 14. Nb6 Nxd4
15. Bxd4 Bxd4 16. Qxd4 Rc5 17. a5 f5 18. b4 Re5 19. exf5 Rexf5 20. c4 Qe8 21.
Ra2 Qc6 22. Re2 Rf4 23. Qe3 R4f6 24. Qxe6+ Rxe6 25. Rxe6 Rf5 26. Rce1 Rg5 27.
R1e4 Kf8 28. f4 Rf5 29. h3 Rf7 30. Kh2 h5 31. Nd5 Qa4 32. Rxg6 Qc2 33. Rge6 Rg7
34. Ne3 Qb2 35. c5 $2 d5 $1 36. R4e5 d4 37. Ng4 hxg4 38. h4 g3+ 39. Kh3 Qb1 0-1

[Event "NatWest Team Challenge"]
[Site "Catford"]
[Date "1985.08.??"]
[Round "?"]
[White "Schiller, Eric"]
[Black "West, Guy"]
[Result "0-1"]
[WhiteElo "2205"]
[BlackElo "2310"]
[PlyCount "81"]
[EventDate "1985.08.11"]
[EventType "team-schev"]
[EventRounds "9"]
[EventCountry "ENG"]
[SourceTitle "BritBase"]
[Source "John Saunders"]
[SourceDate "2023.02.28"]
[SourceVersion "1"]
[SourceVersionDate "2023.02.28"]
[SourceQuality "1"]
[WhiteTeam "USA"]
[BlackTeam "Australia"]
[WhiteTeamCountry "USA"]
[BlackTeamCountry "AUS"]

1. d4 Nf6 2. e3 g6 3. Nf3 Bg7 4. Be2 O-O 5. O-O c5 6. Re1 b6 7. c3 Bb7 8. Nbd2
d5 9. b3 Nbd7 10. Ba3 Ne4 11. Rc1 e5 12. Bb5 Nxd2 13. Nxd2 Rc8 14. Bb2 f5 15.
f4 cxd4 16. cxd4 exf4 17. Rxc8 Qxc8 18. Bxd7 Qxd7 19. exf4 Re8 20. Nf3 Re4 21.
Rxe4 dxe4 22. Ne5 Bxe5 23. fxe5 f4 24. Qc1 e3 25. h3 g5 26. Qc4+ Qd5 27. Ba3 h6
28. Bc1 Kf7 29. Qc7+ Ke6 30. Qc2 Qe4 31. Qc4+ Qd5 32. Qc2 Bc6 33. Bb2 Qe4 34.
Qc4+ Qd5 35. Qc2 a5 36. h4 Qe4 37. Qe2 Kf5 38. e6 Kxe6 39. hxg5 hxg5 40. Qg4+
Qf5 41. Qe2 0-1

[Event "NatWest Team Challenge"]
[Site "Catford"]
[Date "1985.08.??"]
[Round "?"]
[White "Hall, John"]
[Black "Levi, Eddy L"]
[Result "1-0"]
[WhiteElo "2295"]
[BlackElo "2280"]
[PlyCount "97"]
[EventDate "1985.08.11"]
[EventType "team-schev"]
[EventRounds "9"]
[EventCountry "ENG"]
[SourceTitle "BritBase"]
[Source "John Saunders"]
[SourceDate "2023.02.28"]
[SourceVersion "1"]
[SourceVersionDate "2023.02.28"]
[SourceQuality "1"]
[WhiteTeam "USA"]
[BlackTeam "Australia"]
[WhiteTeamCountry "USA"]
[BlackTeamCountry "AUS"]

1. Nf3 d6 2. d4 Bg4 3. Nbd2 Nd7 4. h3 Bxf3 5. Nxf3 e5 6. dxe5 dxe5 7. e4 Ngf6
8. Bc4 Bd6 9. O-O O-O 10. Re1 Nc5 11. Nd2 Qd7 12. Bf1 Qc6 13. Qf3 a5 14. c3 b5
15. h4 h5 16. g3 Be7 17. Qf5 Bd6 18. Nb1 Rfe8 19. Na3 Rab8 20. Bg5 Re6 21. Rad1
g6 22. Qf3 Ng4 23. Qe2 b4 24. cxb4 Rxb4 25. Nc4 a4 26. f3 Nf6 27. a3 Rb8 28.
Bh3 Be7 29. Kh1 Nh7 30. Bxe6 Qxe6 31. Bxe7 Qxe7 32. Rd5 f6 33. Na5 Rb6 34. Qc4
Ne6 35. Nc6 Qf7 36. Re2 g5 37. Red2 Nhf8 38. hxg5 fxg5 39. Nxe5 Qe7 40. Nd7 Rb3
41. Nxf8 Kxf8 42. Re5 Rb6 43. Qxa4 g4 44. Qa8+ Kg7 45. Rxh5 Kg6 46. Qh8 Ng7 47.
Rh6+ Kf7 48. Rxb6 cxb6 49. Qc8 1-0

[Event "NatWest Team Challenge"]
[Site "Catford"]
[Date "1985.08.??"]
[Round "?"]
[White "Levi, Eddy L"]
[Black "Schiller, Eric"]
[Result "1/2-1/2"]
[WhiteElo "2280"]
[BlackElo "2205"]
[PlyCount "70"]
[EventDate "1985.08.11"]
[EventType "team-schev"]
[EventRounds "9"]
[EventCountry "ENG"]
[SourceTitle "BritBase"]
[Source "John Saunders"]
[SourceDate "2023.02.28"]
[SourceVersion "1"]
[SourceVersionDate "2023.02.28"]
[SourceQuality "1"]
[WhiteTeam "Australia"]
[BlackTeam "USA"]
[WhiteTeamCountry "AUS"]
[BlackTeamCountry "USA"]

1. e4 c5 2. Nf3 Nc6 3. Bb5 g6 4. c3 Bg7 5. d4 cxd4 6. cxd4 Nf6 7. Nc3 O-O 8. d5
Nb8 9. e5 Ng4 10. Bf4 d6 11. exd6 exd6 12. O-O a6 13. Bd3 b5 14. Re1 Qb6 15.
Qd2 Nd7 16. Rac1 Bb7 17. Ne4 Bxd5 18. Bxd6 Bh6 19. Nfg5 Bxe4 20. Bxe4 Bxg5 21.
Qxg5 Nxf2 22. Qe3 Qxd6 23. Qxf2 Rac8 24. Rcd1 Qc7 25. Kh1 Ne5 26. Bd5 Ng4 27.
Qh4 h5 28. Bf3 Rce8 29. Bxg4 hxg4 30. Qxg4 Rxe1+ 31. Rxe1 Qa5 32. Qh4 Qd2 33.
Rb1 Rc8 34. h3 Rc2 35. Qg4 Rc1+ 1/2-1/2

[Event "NatWest Team Challenge"]
[Site "Catford"]
[Date "1985.08.??"]
[Round "?"]
[White "Levi, Eddy L"]
[Black "Kosten, Anthony C"]
[Result "0-1"]
[WhiteElo "2280"]
[BlackElo "2395"]
[PlyCount "58"]
[EventDate "1985.08.11"]
[EventType "team-schev"]
[EventRounds "9"]
[EventCountry "ENG"]
[SourceTitle "BritBase"]
[Source "John Saunders"]
[SourceDate "2023.02.28"]
[SourceVersion "1"]
[SourceVersionDate "2023.02.28"]
[SourceQuality "1"]
[WhiteTeam "Australia"]
[BlackTeam "England"]
[WhiteTeamCountry "AUS"]
[BlackTeamCountry "ENG"]

1. e4 e6 2. Nc3 d5 3. Nf3 Nf6 4. e5 Nfd7 5. d4 c5 6. dxc5 Nc6 7. Bf4 Bxc5 8.
Bd3 f6 9. exf6 Nxf6 10. O-O O-O 11. Ne5 Bd7 12. Nxc6 Bxc6 13. Qe2 Ne4 14. Bg3
Nxg3 15. hxg3 Qf6 16. Rae1 e5 17. Nd1 Rae8 18. Bb5 Qg5 19. Bxc6 bxc6 20. Ne3 e4
21. c3 Re6 22. b4 Bb6 23. Qg4 Qe5 24. c4 d4 25. Nd1 h5 26. Qh4 e3 27. fxe3
Rxf1+ 28. Kxf1 dxe3 29. Re2 Qa1 0-1

[Event "NatWest Team Challenge"]
[Site "Catford"]
[Date "1985.08.??"]
[Round "?"]
[White "Levi, Eddy L"]
[Black "Hawksworth, John C"]
[Result "0-1"]
[WhiteElo "2280"]
[BlackElo "2370"]
[PlyCount "148"]
[EventDate "1985.08.11"]
[EventType "team-schev"]
[EventRounds "9"]
[EventCountry "ENG"]
[SourceTitle "BritBase"]
[Source "John Saunders"]
[SourceDate "2023.02.28"]
[SourceVersion "1"]
[SourceVersionDate "2023.02.28"]
[SourceQuality "1"]
[WhiteTeam "Australia"]
[BlackTeam "Anglo-India"]
[WhiteTeamCountry "AUS"]
[BlackTeamCountry "ENG"]

1. e4 e6 2. Nc3 d5 3. Nf3 Bb4 4. a3 Bxc3 5. dxc3 dxe4 6. Qxd8+ Kxd8 7. Ng5 Ke7
8. Nxe4 b6 9. Bf4 Bb7 10. Ng3 c5 11. O-O-O Nf6 12. Bb5 Nd5 13. Bd2 Nc7 14. Be2
Nd7 15. Rhe1 Bxg2 16. f3 Bh3 17. Bc4 Rhd8 18. Bf4 Ne8 19. Bd5 f6 20. Bxa8 Rxa8
21. Nf1 e5 22. Bg3 g5 23. Ne3 Nc7 24. c4 h5 25. Nd5+ Nxd5 26. cxd5 Kd6 27. c4
a6 28. Kd2 b5 29. b3 h4 30. Bf2 bxc4 31. bxc4 Bf5 32. Kc3 Rb8 33. Ra1 a5 34.
Re2 Nb6 35. a4 Bd7 36. Rea2 Be8 37. Be1 Bd7 38. Ra3 Bc8 39. Rb3 Ba6 40. Rab1
Nxa4+ 41. Kd3 Rb4 42. Bxb4 cxb4 43. Ra1 Nc5+ 44. Kc2 Bxc4 45. Rb2 Nb7 46. Kd2
Kxd5 47. Ke3 Kc5 48. Rd2 Be6 49. Rc2+ Kb5 50. Rc7 Nd6 51. Ra7 Nc4+ 52. Ke2 Bd5
53. Rd7 Nb6 54. Rd6 Bc4+ 55. Kd2 Nd5 56. Rd8 a4 57. Rb8+ Ka5 58. Ra8+ Ba6 59.
Rc1 Kb6 60. Rd8 Bb7 61. Rd6+ Kb5 62. Rd7 Bc6 63. Rd8 b3 64. Rb8+ Nb6 65. Rc3 e4
66. fxe4 Bxe4 67. Kc1 f5 68. Kb2 g4 69. Rc7 g3 70. hxg3 hxg3 71. Rg7 g2 72. Kc3
Kc5 73. Rc7+ Bc6 74. Rg8 Nd5+ 0-1

[Event "NatWest Team Challenge"]
[Site "Catford"]
[Date "1985.08.??"]
[Round "?"]
[White "Levi, Eddy L"]
[Black "Gallagher, Joseph G"]
[Result "0-1"]
[WhiteElo "2280"]
[BlackElo "2310"]
[PlyCount "54"]
[EventDate "1985.08.11"]
[EventType "team-schev"]
[EventRounds "9"]
[EventCountry "ENG"]
[SourceTitle "BritBase"]
[Source "John Saunders"]
[SourceDate "2023.02.28"]
[SourceVersion "1"]
[SourceVersionDate "2023.02.28"]
[SourceQuality "1"]
[WhiteTeam "Australia"]
[BlackTeam "England"]
[WhiteTeamCountry "AUS"]
[BlackTeamCountry "ENG"]

1. e4 c5 2. d4 cxd4 3. c3 dxc3 4. Bc4 cxb2 5. Bxb2 d6 6. Nf3 Nc6 7. O-O e6 8.
Qe2 Nf6 9. Rd1 Qa5 10. Nc3 Be7 11. Nb5 O-O 12. Bc3 Qb6 13. Nxd6 Qc5 14. e5 Nd5
15. Bb2 Nxe5 16. Nxe5 Qxd6 17. Qf3 Bf6 18. Qg3 Rd8 19. Rd3 b5 20. Bxb5 Rb8 21.
Rb3 Rxb5 22. Rxb5 Nc7 23. Qg4 Nxb5 24. Nxf7 Kxf7 25. Bxf6 gxf6 26. Qh5+ Kg7 27.
g4 Qe5 0-1

[Event "NatWest Team Challenge"]
[Site "Catford"]
[Date "1985.08.??"]
[Round "?"]
[White "Martin, Andrew D"]
[Black "Levi, Eddy L"]
[Result "1/2-1/2"]
[WhiteElo "2410"]
[BlackElo "2280"]
[PlyCount "86"]
[EventDate "1985.08.11"]
[EventType "team-schev"]
[EventRounds "9"]
[EventCountry "ENG"]
[SourceTitle "BritBase"]
[Source "John Saunders"]
[SourceDate "2023.02.28"]
[SourceVersion "1"]
[SourceVersionDate "2023.02.28"]
[SourceQuality "1"]
[WhiteTeam "Anglo-India"]
[BlackTeam "Australia"]
[WhiteTeamCountry "ENG"]
[BlackTeamCountry "AUS"]

1. Nf3 f5 2. g3 d6 3. d4 Nf6 4. Bg2 e6 5. O-O Be7 6. c4 O-O 7. Nc3 Qe8 8. b3 a5
9. Bb2 Qh5 10. e3 Nbd7 11. Re1 d5 12. Ne5 c6 13. Qxh5 Nxh5 14. Nxd7 Bxd7 15.
Rad1 g5 16. f3 Rae8 17. Na4 Nf6 18. Bc3 b5 19. cxb5 cxb5 20. Nc5 b4 21. Bb2
Bxc5 22. dxc5 g4 23. f4 Rc8 24. Bd4 Bb5 25. Kf2 Kf7 26. Rh1 Kg6 27. h3 gxh3 28.
Bf3 Ng4+ 29. Ke1 a4 30. Rxh3 axb3 31. axb3 Ra8 32. Rd2 Ra3 33. Rdh2 h6 34. Bxg4
fxg4 35. Rxh6+ Kf5 36. Rd2 Rxb3 37. Rh5+ Ke4 38. Kf2 Rf5 39. Rh6 e5 40. Bxe5
Rd3 41. Rb2 Rf8 42. Bd4 Rd1 43. Re6+ Kd3 1/2-1/2

[Event "NatWest Team Challenge"]
[Site "Catford"]
[Date "1985.08.??"]
[Round "?"]
[White "Ravikumar, Vaidyanathan"]
[Black "Levi, Eddy L"]
[Result "1/2-1/2"]
[WhiteElo "2370"]
[BlackElo "2280"]
[PlyCount "83"]
[EventDate "1985.08.11"]
[EventType "team-schev"]
[EventRounds "9"]
[EventCountry "ENG"]
[SourceTitle "BritBase"]
[Source "John Saunders"]
[SourceDate "2023.02.28"]
[SourceVersion "1"]
[SourceVersionDate "2023.02.28"]
[SourceQuality "1"]
[WhiteTeam "Anglo-India"]
[BlackTeam "Australia"]
[WhiteTeamCountry "ENG"]
[BlackTeamCountry "AUS"]

1. c4 e5 2. Nc3 d6 3. g3 f5 4. Bg2 Nf6 5. d3 Be7 6. e3 O-O 7. Nge2 Qe8 8. O-O
Qh5 9. f4 Nc6 10. Nd5 Nxd5 11. cxd5 Nd8 12. Bd2 c5 13. b4 Nf7 14. bxc5 dxc5 15.
Bc3 Bd6 16. Qd2 Bd7 17. Qb2 Rae8 18. Bf3 Qg6 19. Qxb7 Re7 20. Qb2 e4 21. dxe4
fxe4 22. Bg2 Nh6 23. Be5 Ng4 24. Bxd6 Qxd6 25. Qb3 Rb8 26. Qc3 Bb5 27. Qd2 Bd3
28. Rfd1 Reb7 29. Nc3 Rb2 30. Qe1 c4 31. h3 Nf6 32. Rd2 Qa3 33. Rxb2 Rxb2 34.
Rc1 Qa5 35. d6 Qd8 36. g4 Qxd6 37. g5 Nd5 38. Bxe4 Bxe4 39. Nxe4 Qe6 40. Nf2 c3
41. Nd1 Nxf4 42. Nxb2 1/2-1/2

[Event "NatWest Team Challenge"]
[Site "Catford"]
[Date "1985.08.??"]
[Round "?"]
[White "West, Guy"]
[Black "Hall, John"]
[Result "1-0"]
[WhiteElo "2310"]
[BlackElo "2295"]
[PlyCount "89"]
[EventDate "1985.08.11"]
[EventType "team-schev"]
[EventRounds "9"]
[EventCountry "ENG"]
[SourceTitle "BritBase"]
[Source "John Saunders"]
[SourceDate "2023.02.28"]
[SourceVersion "1"]
[SourceVersionDate "2023.02.28"]
[SourceQuality "1"]
[WhiteTeam "Australia"]
[BlackTeam "USA"]
[WhiteTeamCountry "AUS"]
[BlackTeamCountry "USA"]

1. g3 d5 2. Nf3 Nf6 3. c4 e6 4. Bg2 Be7 5. O-O O-O 6. b3 c5 7. e3 Nc6 8. d3 b6
9. Qe2 Bb7 10. Bb2 Qc7 11. Re1 Rad8 12. e4 dxe4 13. dxe4 Nd4 14. Nxd4 cxd4 15.
e5 d3 16. Qd1 Nd7 17. Nd2 Bxg2 18. Kxg2 Bb4 19. Re3 Nc5 20. Nf3 d2 21. Qc2 Qd7
22. Bd4 f6 23. Rd1 fxe5 24. Bxc5 bxc5 25. Nxe5 Qe8 26. f4 Rd6 27. Qe4 Qh5 28.
Nf3 h6 29. Qe5 Qxe5 30. Nxe5 Rfd8 31. Kf3 g5 32. Ke2 Kg7 33. Rd3 gxf4 34. gxf4
Kf6 35. Rh3 Rg8 36. Rg3 Rxg3 37. hxg3 h5 38. Nd3 Rxd3 39. Kxd3 Kf5 40. a3 Ba5
41. Rh1 Kg4 42. Ke2 Bc3 43. Rh4+ Kxg3 44. Rxh5 Kxf4 45. Rxc5 1-0

[Event "NatWest Team Challenge"]
[Site "Catford"]
[Date "1985.08.??"]
[Round "?"]
[White "West, Guy"]
[Black "Ravikumar, Vaidyanathan"]
[Result "1/2-1/2"]
[WhiteElo "2310"]
[BlackElo "2370"]
[PlyCount "79"]
[EventDate "1985.08.11"]
[EventType "team-schev"]
[EventRounds "9"]
[EventCountry "ENG"]
[SourceTitle "BritBase"]
[Source "John Saunders"]
[SourceDate "2023.02.28"]
[SourceVersion "1"]
[SourceVersionDate "2023.02.28"]
[SourceQuality "1"]
[WhiteTeam "Australia"]
[BlackTeam "Anglo-India"]
[WhiteTeamCountry "AUS"]
[BlackTeamCountry "ENG"]

1. e4 c5 2. Nf3 Nc6 3. Bb5 g6 4. c3 Bg7 5. d4 Qb6 6. a4 cxd4 7. cxd4 Nxd4 8.
Nc3 Nxf3+ 9. Qxf3 e6 10. O-O Ne7 11. Bg5 Nc6 12. a5 Qc5 13. Bf6 Nd4 14. Qf4 O-O
15. e5 d6 16. Bxg7 Kxg7 17. Qf6+ Kg8 18. exd6 Nxb5 19. Ne4 Qf5 20. d7 Bxd7 21.
Qxf5 gxf5 22. Nf6+ Kg7 23. Nxd7 Rfc8 24. b4 Rc4 25. Nc5 Rb8 26. Rfd1 b6 27. Na6
Rb7 28. Kf1 Kf6 29. g3 Ke7 30. Rac1 Rc3 31. h4 Rd7 32. Nb8 Rxd1+ 33. Rxd1 Nd6
34. axb6 axb6 35. Ra1 Ne4 36. Ra7+ Ke8 37. Nd7 Rf3 38. Kg1 Rb3 39. Ne5 Nd6 40.
h5 1/2-1/2